Magic school bus in a pickle : (Record no. 114667)
[ view plain ]
| 000 -LEADER | |
|---|---|
| fixed length control field | 00931nam a2200217 a 4500 |
| 005 - DATE AND TIME OF LATEST TRANSACTION | |
| control field | 20140414132108.0 |
| 008 - FIXED-LENGTH DATA ELEMENTS--GENERAL INFORMATION | |
| fixed length control field | 110115s19uu xx 00 eng d |
| 050 ## - LIBRARY OF CONGRESS CALL NUMBER | |
| Classification number | M 579 |
| Item number | K78 1997 |
| 100 ## - MAIN ENTRY--PERSONAL NAME | |
| Personal name | Krulik, Nancy E. |
| 245 ## - TITLE STATEMENT | |
| Title | Magic school bus in a pickle : |
| Remainder of title | a book about microbes / |
| Statement of responsibility, etc | [TV tie-in adaptation by Nancy E. Krulik and illustrated by Bob Ostrom]. |
| 260 ## - PUBLICATION, DISTRIBUTION, ETC. (IMPRINT) | |
| Place of publication, distribution, etc | New York : |
| Name of publisher, distributor, etc | Scholastic, |
| Date of publication, distribution, etc | c1997. |
| 440 ## - SERIES STATEMENT/ADDED ENTRY--TITLE | |
| Title | The magic school bus |
| 500 ## - GENERAL NOTE | |
| General note | "From an episode of the animated TV series produced by Scholastic Productions, Inc. Based on The magic school bus books written by Joanna Cole and illustrated by Bruce Degen"--T.p. verso. |
| 520 ## - SUMMARY, ETC. | |
| Summary, etc | When Ms. Frizzle turns Keesha�s cucumber into a pickle, the class embarks on a field trip into the world of microorganisms. |
| 650 ## - SUBJECT ADDED ENTRY--TOPICAL TERM | |
| Topical term or geographic name as entry element | Microorganisms. |
| 650 ## - SUBJECT ADDED ENTRY--TOPICAL TERM | |
| Topical term or geographic name as entry element | Microbiology. |
| Withdrawn status | Lost status | Damaged status | Use restrictions | Home library | Current library | Shelving location | Date acquired | Source of acquisition | Cost, normal purchase price | Total Checkouts | Full call number | Barcode | Date last seen | Price effective from | Koha item type |
|---|---|---|---|---|---|---|---|---|---|---|---|---|---|---|---|
| Munich Library | Munich Library | Main Section | 01/15/2011 | 150.00 | M 579 K78 1997 | M6550 | 04/14/2014 | 04/14/2014 | Books | ||||||
| Munich Library | Munich Library | Main Section | 01/15/2011 | 150.00 | M 579 K78 1997 | M6579 | 04/14/2014 | 04/14/2014 | Books | ||||||
| Munich Library | Munich Library | Main Section | 01/15/2011 | 150.00 | M 579 K78 1997 | M6580 | 04/14/2014 | 04/14/2014 | Books | ||||||
| Munich Library | Munich Library | Main Section | 01/22/2011 | M 579 K78 1997 | M3844 | 04/14/2014 | 04/14/2014 | Books |